Wszystkie gminy w Lubelskim - Statystyki

Ogólne statystyki
  • Ten quiz został rozwiązany 545 razy
  • Średni wynik to 58 z 212
Statystyki odpowiedzi
Powiat Typ Gminy Gmina % Poprawnych
miasto na prawach powiatu Lublin
89%
Zamość
85%
Chełm
83%
Biała Podlaska
79%
lubartowski miejska Lubartów
74%
kraśnicki miejska | wiejska Kraśnik
71%
parczewski miejsko-wiejska Parczew
70%
świdnicki miejska Świdnik
70%
biłgorajski miejska | wiejska Biłgoraj
69%
puławski miejska | wiejska Puławy
69%
hrubieszowski miejska | wiejska Hrubieszów
68%
krasnostawski miejska | wiejska Krasnystaw
68%
włodawski miejska | wiejska Włodawa
68%
łęczyńscy miejsko-wiejska Łęczna
66%
łukowski miejska | wiejska Łuków
66%
tomaszowski miejska | wiejska Tomaszów Lubelski
66%
miejsko-wiejska Ryki
65%
radzyński miejska | wiejska Radzyń Podlaski
64%
janowski miejsko-wiejska Janów Lubelski
63%
miejsko-wiejska Opole Lubelskie
61%
miejsko-wiejska Piaski
50%
miejsko-wiejska Bychawa
48%
miejsko-wiejska Frampol
47%
miejsko-wiejska Nałęczów
47%
lubelski miejsko-wiejska Bełżyce
46%
rycki miejska Dęblin
46%
zamojski miejsko-wiejska Szczebrzeszyn
46%
opolski miejsko-wiejska Poniatowa
45%
miejsko-wiejska Annopol
44%
miejsko-wiejska Kazimierz Dolny
44%
miejsko-wiejska Zwierzyniec
44%
wiejska Niemce
43%
miejska | wiejska Terespol
40%
miejsko-wiejska Józefów
39%
miejsko-wiejska Kock
38%
miejsko-wiejska Krasnobród
38%
bialski miejska | wiejska Międzyrzec Podlaski
38%
wiejska Cyców
37%
miejsko-wiejska Goraj
35%
miejsko-wiejska Rejowiec
35%
wiejska Firlej
34%
wiejska Janów Podlaski
34%
miejsko-wiejska Modliborzyce
33%
miejsko-wiejska Ostrów Lubelski
32%
chełmski miejska | wiejska Rejowiec Fabryczny
32%
miejsko-wiejska Tarnogród
32%
wiejska Niedrzwica Duża
31%
miejska | wiejska Stoczek Łukowski
31%
wiejska Jabłoń
30%
wiejska Jastków
30%
miejsko-wiejska Urzędów
30%
wiejska Garbów
29%
miejsko-wiejska Kamionka
29%
wiejska Kurów
29%
wiejska Izbica
28%
miejsko-wiejska Lubycza Królewska
28%
miejsko-wiejska Tyszowce
28%
wiejska Wysokie
28%
wiejska Głusk
27%
miejsko-wiejska Józefów nad Wisłą
25%
wiejska Nielisz
25%
wiejska Dorohusk
24%
miejsko-wiejska Łaszczów
24%
wiejska Mełgiew
24%
wiejska Dołhobyczów
23%
wiejska Fajsławice
23%
wiejska Jabłonna
23%
wiejska Końskowola
23%
miejsko-wiejska Siedliszcze
23%
wiejska Urszulin
23%
wiejska Konopnica
22%
wiejska Trawniki
22%
wiejska Turobin
22%
wiejska Wólka
22%
wiejska Adamów
21%
wiejska Bełżec
21%
wiejska Chodel
21%
wiejska Markuszów
21%
wiejska Susiec
21%
wiejska Wisznice
21%
wiejska Żółkiewka
21%
wiejska Żyrzyn
21%
wiejska Werbkowice
20%
wiejska Łabunie
19%
wiejska Ludwin
19%
wiejska Puchaczów
19%
wiejska Stary Zamość
19%
wiejska Wąwolnica
19%
wiejska Wojciechów
19%
wiejska Zakrzew
19%
wiejska Chrzanów
18%
wiejska Janowiec
18%
wiejska Michów
18%
wiejska Milejów
18%
wiejska Hanna
17%
wiejska Kodeń
17%
wiejska Mircze
17%
wiejska Rybczewice
17%
wiejska Strzyżewice
17%
wiejska Ułęż
17%
wiejska Wilkołaz
17%
wiejska Zakrzówek
17%
wiejska Czemierniki
16%
wiejska Krzczonów
16%
wiejska Krzywda
16%
wiejska Piszczac
16%
wiejska Sawin
16%
wiejska Skierbieszów
16%
wiejska Aleksandrów
15%
wiejska Batorz
15%
wiejska Borki
15%
wiejska Drelów
15%
wiejska Jeziorzany
15%
wiejska Karczmiska
15%
wiejska Łopiennik Górny
15%
wiejska Obsza
15%
wiejska Spiczyn
15%
wiejska Stężyca
15%
wiejska Tereszpol
15%
wiejska Uchanie
15%
wiejska Wohyń
15%
wiejska Wola Uhruska
15%
wiejska Abramów
14%
wiejska Baranów
14%
wiejska Dzwola
14%
wiejska Krynice
14%
wiejska Serokomla
14%
wiejska Siemień
14%
wiejska Sławatycze
14%
wiejska Sosnowica
14%
wiejska Stary Brus
14%
wiejska Tarnawatka
14%
wiejska Ulan Majorat
14%
wiejska Wojsławice
14%
wiejska Wyryki
14%
wiejska Biszcza
13%
wiejska Dębowa Kłoda
13%
wiejska Gorzków
13%
wiejska Hańsk
13%
wiejska Komarówka Podlaska
13%
wiejska Kraśniczyn
13%
wiejska Miączyn
13%
wiejska Potok Górny
13%
wiejska Potok Wielki
13%
wiejska Rudnik
13%
wiejska Siennica Różana
13%
wiejsa Konstantynów
12%
wiejska Łomazy
12%
wiejska Rachanie
12%
wiejska Radecznica
12%
wiejska Ruda Huta
12%
wiejska Sitno
12%
wiejska Stanin
12%
wiejska Wilków
12%
wiejska Borzechów
11%
wiejska Dubienka
11%
wiejska Horodło
11%
wiejska Leśna Podlaska
11%
wiejska Łukowa
11%
wiejska Serniki
11%
wiejska Trzydnik Duży
11%
wiejska Wierzbica
11%
wiejska Wojcieszków
11%
wiejska Komarów-Osada
10%
wiejska Rossosz
10%
wiejska Tuczna
10%
wiejska Ulhówek
10%
wiejska Białopole
9%
wiejska Kamień
9%
wiejska Księżpol
9%
wiejska Podedwórze
9%
wiejska Szastarka
9%
wiejska Telatyn
9%
wiejska Uścimów
9%
wiejska Godziszów
8%
wiejska Gościeradów
8%
wiejska Grabowiec
8%
wiejska Kąkolewnica
8%
wiejska Kłoczew
8%
wiejska Łaziska
8%
wiejska Leśniowice
8%
wiejska Niedźwiada
8%
wiejska Nowodwór
8%
wiejska Rokitno
8%
wiejska Sułów
8%
wiejska Trzebieszów
8%
wiejska Milanów
7%
wiejska Ostrówek
7%
wiejska Sosnówka
7%
wiejska Zalesie
7%
wiejska Żmudź
7%
wiejska Jarczów
6%
wiejska Wola Mysłowska
6%
wiejska Trzeszczany
5%
wiejska Dzierzkowice
3%
Nie znaleziono quizów pasujących do podanych kryteriów
Rozkład punktacji
Procent ludzi z każdym wynikiem
Percentyl według liczby udzielonych odpowiedzi
Twoja historia wyników
Nie rozwiązałeś tego quizu